| 000 | 00543nam a2200181Ia 4500 | ||
|---|---|---|---|
| 008 | 151018s9999 xx 000 0 und d | ||
| 082 |
_bRBASDV1085 _a920 |
||
| 100 | _aग कृ बोडस | ||
| 245 | _aमहावीर कर्ण | ||
| 250 | _b1 | ||
| 260 |
_bगं पा परचुरे प्रकाशन _c1948 |
||
| 300 | _a28 | ||
| 600 | _aग कृ बोडस | ||
| 630 | _aमहावीर कर्ण | ||
| 700 | _aग कृ बोडस | ||
| 730 | _aमहावीर कर्ण | ||
| 942 | _cBOOK | ||
| 999 |
_c1003553 _d1003550 |
||